| 000 | 00845nam a2200205 a 4500 | ||
|---|---|---|---|
| 005 | 20230517063524.0 | ||
| 008 | 991125s1974 mx 000 0 spa u | ||
| 035 | _aUPN01000011106 | ||
| 049 | _aCG | ||
| 050 | 4 |
_aLB2545 M6 _bC6.6 1974 |
|
| 245 | 0 | 0 | _aConsenso y reforma educativa. |
| 250 | _a[Nueva ed.] | ||
| 260 |
_aMéxico : _bSEP, _c1974. |
||
| 300 |
_a196 p. : _bil. |
||
| 440 | 0 |
_aDirección General de Información y Difusión. _pPublicación ; _v9 |
|
| 505 | 8 | _aContenido: La iniciativa de Ley Federal de Educación -- Comparecencia del Secretario de Educación Pública en la Cámara de Diputados, septiembre 27 de 1973 -- Texto definitivo de la Ley Federal de Educación -- Documentos del Senado | |
| 650 | 4 |
_aEducación _xLeyes y legislación _zMéxico _99102 |
|
| 610 | 1 | 4 |
_aMEXICO. _tLEY FEDERAL DE EDUCACION _925843 |
| 905 | _aLibro | ||
| 999 |
_c11106 _d11106 |
||